000 00518nam a2200181 4500
001 149081
003 ES-MaACL
005 20230906202936.0
007 t|
008 070214s1965 sp r ||||1| spa d
100 1 _aSwinney, John.
_9108948
245 1 0 _aCirugía urológica /
_cJohn Swinney, Douglas P. Hammersley.
250 _a1ª. ed.
260 _aBarcelona :
_bSalvat,
_c1965.
300 _aXVI, 316 p. :
_bil. ;
_c22 cm.
700 1 _aHammersley, Douglas P.
_961678
852 _aES-MaACL
_jC-30844
_bR.60614
999 _c149081
_d149081